Guess the Noah Kahan Song by the Lyric - Statistics

General Stats
  • This quiz has been taken 36 times
  • The average score is 6 of 19
Answer Stats
Lyric Song % Correct
Now I am stuck between my anger and the blame that I can't face Stick Season
97%
As the last of the bugs, leave their homes again The View Between Villages
66%
Someday I'm gonna be somebody people want Come Over
59%
I stopped caring 'bout a month ago, since then it's been smooth sailing Homesick
55%
Those five words in your head, you said "I'll never let you go" All My Love
52%
I guess the stage was my mask, I forgot the way I looked before I wore it Mess
34%
Yes, I'm young and living dreams, in love with being noticed, and afraid of being seen No Complaints
34%
Were you freed within? Did you leave your skin? Are you tethered in your doubt? Godlight
28%
You always said fall was your season, that everyone's here for a reason Glue Myself Shut
17%
One day before you know it, you will see, all of the pain and all the irony, yeah Hurt Somebody
17%
I know that the moment I chase is a race that I've already lost but it's long ago Part of Me
17%
Don't speak for some time to find those words inside yourself Anyway
14%
This fear's a rope on our wrists, those years of life that we've missed Caves
14%
How am I supposed to live, one foot out and one foot in? Fear of Water
14%
Two thousand miles away from home, under that sky I tried to make my peace with fear Tidal
14%
Stand up on your peace of mind, you're bound to fall if you take your time Busyhead
10%
Because I'm stuck like a grave in the space that you left with no reason to get out Someone Like You
10%
Two minutes emotion, four hours I'm frozen, by the fear and the boredom Please
7%
Sometimes the sunlight we find makes the day worthwhile Hallelujah
3%
No matching quizzes found
Score Distribution
Percent of People with Each Score
Percentile by Number Answered
Your Score History
You have not taken this quiz